[Event "Cto de Aragon por Equipos Preferente"]
[Site "?"]
[Date "2020.03.07"]
[Round "7.60"]
[White "Carruez Berges, Santiago"]
[Black "Fuster Garcia, Luis"]
[Result "1-0"]
[WhiteElo "1995"]
[BlackElo "2169"]
[PlyCount "99"]
[EventDate "2020.??.??"]
[WhiteTeam "Agrupacion C"]
[BlackTeam "Marcos Frechin B"]

1. e4 g6 2. d4 Bg7 3. Nf3 c6 4. Nc3 d5 5. h3 dxe4 6. Nxe4 Nf6 7. Bd3 Nbd7 8.
O-O O-O 9. Qe2 Qc7 10. Bg5 Nd5 11. Qd2 b5 12. a4 b4 13. c4 bxc3 14. bxc3 Qa5
15. c4 Qxd2 16. Bxd2 Nc7 17. Bb4 Re8 18. Rad1 Rb8 19. Ba5 Ne6 20. Rfe1 Ba6 21.
Bf1 c5 22. d5 Nd4 23. Nxd4 Bxd4 24. Bc3 Bxc3 25. Nxc3 Rb4 26. Nb5 Rxa4 27. Nd6
Rd8 28. Rxe7 Ne5 29. Ne4 Nxc4 30. Nxc5 Nb2 31. Nxa4 Nxd1 32. Bxa6 Rxd5 33. Rxa7
Rd2 34. Bc4 Rxf2 35. Rd7 Rc2 36. Bb3 Rc1 37. Rxd1 Rc7 38. Rd3 Kg7 39. Nb6 Rb7
40. Nd5 g5 41. Ne3 Kg6 42. Rd6+ f6 43. Bc2+ Kg7 44. g4 Rc7 45. Kf2 h5 46. gxh5
Rc3 47. Bg6 Rc8 48. Rd7+ Kh8 49. Rf7 g4 50. hxg4 1-0

[Event "Cto de Aragon por Equipos Preferente"]
[Site "?"]
[Date "2020.03.07"]
[Round "7.61"]
[White "Moya Gimeno, Raul"]
[Black "Carruez Gracia, Eduardo"]
[Result "0-1"]
[WhiteElo "1851"]
[BlackElo "1885"]
[PlyCount "146"]
[EventDate "2020.??.??"]
[WhiteTeam "Marcos Frechin B"]
[BlackTeam "Agrupacion C"]

1. e4 e6 2. d3 d5 3. Nd2 Nf6 4. Ngf3 Nc6 5. c3 dxe4 6. dxe4 e5 7. Bb5 Bd6 8.
Nc4 Qe7 9. Bg5 O-O 10. Bxf6 Qxf6 11. Nxd6 cxd6 12. Qd2 a6 13. Bc4 Bg4 14. Qg5
Qxg5 15. Nxg5 h6 16. Nf3 Bxf3 17. gxf3 Ne7 18. O-O-O Rad8 19. Rhg1 Kh8 20. Rd3
f5 21. Rd2 Rf6 22. Rgd1 Ng6 23. exf5 Nf4 24. a4 Kh7 25. a5 h5 26. Bd5 Rd7 27.
Be4 Kh6 28. b3 Kg5 29. h4+ Kxh4 30. Rg1 d5 31. Rg3 dxe4 32. Rxd7 Ne2+ 33. Kd2
Nxg3 34. fxg3+ Kxg3 35. fxe4 g6 36. Rg7 Kf3 37. fxg6 Kxe4 38. Ke2 b6 39. Ra7
bxa5 40. g7 Rg6 41. g8=Q Rxg8 42. Rxa6 Rg2+ 43. Kf1 Rb2 44. Rxa5 Rxb3 45. Ke2
Rxc3 46. Ra4+ Kf5 47. Rh4 Kg5 48. Re4 Rc2+ 49. Kf3 Rc3+ 50. Ke2 Rc5 51. Kf3 Rd5
52. Ke2 h4 53. Kf3 h3 54. Rg4+ Kf5 55. Rh4 Rd3+ 56. Ke2 Ra3 57. Rh8 Ke4 58.
Rh4+ Kd5 59. Rh8 h2 60. Rh4 Ke6 61. Rh6+ Kf5 62. Kf2 Kg5 63. Rh7 Kg4 64. Kg2
Ra2+ 65. Kh1 Ra1+ 66. Kxh2 Kf3 67. Rf7+ Ke3 68. Kg2 e4 69. Rb7 Rd1 70. Rb3+ Ke2
71. Rb2+ Rd2 72. Rb1 e3 73. Kg1 Rd1+ 0-1

[Event "Cto de Aragon por Equipos Preferente"]
[Site "?"]
[Date "2020.03.07"]
[Round "7.62"]
[White "Redolar Cortes, Angel"]
[Black "Hususan, Melisa"]
[Result "1-0"]
[WhiteElo "1732"]
[BlackElo "1749"]
[PlyCount "139"]
[EventDate "2020.??.??"]
[WhiteTeam "Agrupacion C"]
[BlackTeam "Marcos Frechin B"]

1. e4 c5 2. Nc3 Nc6 3. g3 g6 4. Bg2 Bg7 5. d3 d6 6. Nge2 e6 7. Be3 Nge7 8. Qd2
Nd4 9. a4 O-O 10. O-O Nec6 11. f4 Rb8 12. Bf2 a6 13. Rab1 b5 14. axb5 axb5 15.
Nxd4 Nxd4 16. Ne2 b4 17. Nxd4 cxd4 18. b3 Bd7 19. Ra1 Qc7 20. Ra2 Rfc8 21. Rfa1
e5 22. fxe5 dxe5 23. Bf3 h5 24. h4 Be6 25. Bd1 Rb7 26. Ra4 Bf8 27. Qg5 Bg7 28.
Be1 Rcb8 29. Ra5 Bd7 30. Qe7 Bg4 31. Qxc7 Rxc7 32. Bxg4 hxg4 33. Ra8 Rxa8 34.
Rxa8+ Kh7 35. Ra2 Bf8 36. Kf2 Kg7 37. Ke2 Kf6 38. Kd1 Rb7 39. Bd2 Kg7 40. Ra6
Be7 41. Ra5 f6 42. Ke2 Kf7 43. Kd1 Ke6 44. Ra6+ Kf7 45. Ra5 Ke6 46. Ra6+ Bd6
47. Ra8 f5 48. exf5+ gxf5 49. Re8+ Kd5 50. Rg8 Rh7 51. Rg5 Ke6 52. Rg6+ Ke7 53.
Bg5+ Kd7 54. Rf6 f4 55. gxf4 g3 56. Ke2 exf4 57. Kf3 Kc7 58. Bxf4 Bxf4 59. Rxf4
Rd7 60. Kxg3 Kc6 61. Re4 Kd5 62. Re2 Rg7+ 63. Kh3 Rg8 64. h5 Rh8 65. Kh4 Rg8
66. h6 Rg1 67. Rh2 Rg8 68. h7 Rh8 69. Kg5 Ke6 70. Kg6 1-0

[Event "Cto de Aragon por Equipos Preferente"]
[Site "?"]
[Date "2020.03.07"]
[Round "7.63"]
[White "Farinas Argudo, Adrian"]
[Black "Conon, Catalin"]
[Result "1/2-1/2"]
[WhiteElo "1700"]
[BlackElo "1620"]
[PlyCount "109"]
[EventDate "2020.??.??"]
[WhiteTeam "Marcos Frechin B"]
[BlackTeam "Agrupacion C"]

1. c4 Nf6 2. d4 e6 3. Nc3 d5 4. Bf4 Be7 5. e3 O-O 6. Nf3 c6 7. Bd3 Nbd7 8. Qc2
dxc4 9. Bxc4 Nb6 10. Bd3 Nbd5 11. Be5 Nb4 12. Qd2 Nxd3+ 13. Qxd3 Bd6 14. O-O h6
15. Rfd1 Bxe5 16. Nxe5 Qd6 17. Rac1 Rd8 18. Ne4 Nxe4 19. Qxe4 Bd7 20. Rd3 Be8
21. Rb3 Rab8 22. h3 a5 23. Nc4 Qc7 24. Nb6 a4 25. Rb4 a3 26. bxa3 Qe7 27. f4
Qh4 28. Qf3 c5 29. Rxc5 Bc6 30. d5 exd5 31. Nxd5 Bxd5 32. Rxd5 Rxd5 33. Qxd5
Qe1+ 34. Kh2 Qxe3 35. Qd6 Ra8 36. Rb3 Qf2 37. Rg3 Rf8 38. Qe5 f6 39. Qc7 Rf7
40. Qc8+ Kh7 41. Qe6 Kg8 42. Qe8+ Rf8 43. Qe4 Qxa2 44. Qxb7 Rf7 45. Qb4 Qd5 46.
a4 Rb7 47. Qe1 Qd4 48. Qc1 Qd7 49. Qc4+ Kh7 50. Rd3 Qe7 51. a5 Rc7 52. Qa4 Qe2
53. Rg3 Qa6 54. Qa3 Ra7 55. Qd3+ 1/2-1/2

[Event "Cto de Aragon por Equipos Preferente"]
[Site "?"]
[Date "2020.03.07"]
[Round "7.64"]
[White "Vela Frago, Alberto"]
[Black "Anson Casaos, Alejandro"]
[Result "1/2-1/2"]
[WhiteElo "2040"]
[BlackElo "1826"]
[PlyCount "73"]
[EventDate "2020.??.??"]
[WhiteTeam "St. Casablanca C"]
[BlackTeam "Helios B"]

1. c4 e6 2. Nf3 d5 3. e3 Nf6 4. b3 c5 5. g3 Be7 6. Bg2 O-O 7. Bb2 Nc6 8. O-O h6
9. cxd5 exd5 10. d4 Bg4 11. h3 Be6 12. Nc3 cxd4 13. Nxd4 Qd7 14. Kh2 Nxd4 15.
Qxd4 Rfd8 16. Rfd1 a6 17. Na4 Qd6 18. Nb6 Rab8 19. a4 Qc5 20. Rac1 Qxd4 21.
Bxd4 Ne4 22. Be5 Nxf2 23. Bxb8 Nxd1 24. Bc7 Nxe3 25. Bxd8 Bxd8 26. Rc3 Bxb6 27.
a5 Bd4 28. Rc7 Nxg2 29. Kxg2 Be3 30. Rxb7 d4 31. Rb8+ Kh7 32. Kf3 Bd2 33. b4
Bc3 34. b5 Bxa5 35. b6 d3 36. b7 Bc7 37. Rd8 1/2-1/2

[Event "Cto de Aragon por Equipos Preferente"]
[Site "?"]
[Date "2020.03.07"]
[Round "7.65"]
[White "Gonzalez Azuara, Javier"]
[Black "Garcia Andres, Daniel"]
[Result "1/2-1/2"]
[WhiteElo "1722"]
[BlackElo "2029"]
[PlyCount "65"]
[EventDate "2020.??.??"]
[WhiteTeam "Helios B"]
[BlackTeam "St. Casablanca C"]

1. d4 c5 2. e3 e6 3. Nf3 Nf6 4. Bd3 Nc6 5. O-O Qc7 6. c4 b6 7. Nc3 Bb7 8. Nb5
Qb8 9. a3 a6 10. Nc3 Bd6 11. Na4 Qc7 12. Bd2 O-O 13. Qb3 cxd4 14. exd4 b5 15.
cxb5 axb5 16. Bxb5 Bxh2+ 17. Nxh2 Nxd4 18. Qb4 Nxb5 19. Qxb5 Bc6 20. Qb6 Qd6
21. Bb4 Qd5 22. Nf3 Rfb8 23. Qe3 Rxa4 24. Rfd1 Qh5 25. Qe5 Qxe5 26. Nxe5 Bd5
27. Rac1 Ra7 28. Rd3 h6 29. Rdc3 Raa8 30. Rc7 Rd8 31. Be7 Rdb8 32. Bb4 Rd8 33.
Be7 1/2-1/2

[Event "Cto de Aragon por Equipos Preferente"]
[Site "?"]
[Date "2020.03.07"]
[Round "7.66"]
[White "Jaques Burguete, Raul"]
[Black "Lacamara Pasamar, Miguel"]
[Result "1-0"]
[WhiteElo "2001"]
[BlackElo "1720"]
[PlyCount "113"]
[EventDate "2020.??.??"]
[WhiteTeam "St. Casablanca C"]
[BlackTeam "Helios B"]

1. e4 e6 2. f4 d5 3. exd5 exd5 4. Nf3 Nf6 5. d4 Bd6 6. Bd3 Bg4 7. h3 Bxf3 8.
Qxf3 O-O 9. O-O c5 10. dxc5 Bxc5+ 11. Kh1 Nc6 12. a3 Nd4 13. Qd1 Ne4 14. Bxe4
dxe4 15. b4 Bb6 16. c4 Nf5 17. Kh2 Ne3 18. Bxe3 Bxe3 19. Qxd8 Raxd8 20. Nc3 Bd4
21. Rac1 e3 22. Nd5 Rfe8 23. Rfe1 Bb2 24. Rb1 Bd4 25. Rbd1 Re4 26. Re2 Bb6 27.
Rc1 Rde8 28. c5 Bd8 29. Rc3 Rd4 30. Rcxe3 Rxe3 31. Rxe3 Kf8 32. Nc3 Rxf4 33.
Nb5 a5 34. Nd6 Be7 35. bxa5 Bxd6 36. cxd6 Rd4 37. Re7 Rxd6 38. Rxb7 Ra6 39. Rb5
Ke7 40. a4 f6 41. Kg3 Kf7 42. Kf4 Kg6 43. g4 Rc6 44. Ke4 Rc4+ 45. Kd5 Rxa4 46.
Kc6 Ra3 47. Kb7 Rxh3 48. a6 Kh6 49. a7 Ra3 50. Rh5+ Kg6 51. a8=Q Rxa8 52. Kxa8
h6 53. Kb7 Kh7 54. Kc6 g5 55. Kd6 Kg6 56. Rh1 f5 57. gxf5+ 1-0

[Event "Cto de Aragon por Equipos Preferente"]
[Site "?"]
[Date "2020.03.07"]
[Round "7.67"]
[White "Lorente Melcon, Maximo"]
[Black "Pellicer Abella, Emilio"]
[Result "1-0"]
[WhiteElo "1661"]
[BlackElo "1808"]
[PlyCount "87"]
[EventDate "2020.??.??"]
[WhiteTeam "Helios B"]
[BlackTeam "St. Casablanca C"]

1. e4 e5 2. Nf3 Nc6 3. Bc4 Nf6 4. d4 exd4 5. O-O d6 6. Ng5 Ne5 7. Bb3 h6 8. f4
hxg5 9. fxe5 dxe5 10. Bxg5 Be7 11. Qe2 Qd6 12. Nd2 Be6 13. Qb5+ Qc6 14. Qxc6+
bxc6 15. Bxe6 fxe6 16. Nc4 Nd7 17. Bxe7 Kxe7 18. b4 Rh4 19. Rae1 Rah8 20. h3 g5
21. Na5 Nb8 22. Nc4 Nd7 23. Na5 Kd6 24. Rf7 c5 25. b5 c6 26. bxc6 Nb6 27. Rb1
R4h7 28. Rbf1 c4 29. c7 Rxf7 30. Rxf7 Rc8 31. Kf2 Rxc7 32. Nb7+ Kc6 33. Nd8+
Kd6 34. Rxc7 Kxc7 35. Nxe6+ Kd6 36. Nxg5 c3 37. h4 Nc4 38. Nf3 Ne3 39. Ne1 Ke6
40. Kf3 Kf6 41. g4 Nxc2 42. Nxc2 d3 43. Nb4 c2 44. Nxd3 1-0

[Event "Cto de Aragon por Equipos Preferente"]
[Site "?"]
[Date "2020.03.07"]
[Round "7.68"]
[White "Planas Torrea, Francisco Javier"]
[Black "Llanes Luno, Ricardo"]
[Result "1-0"]
[WhiteElo "2079"]
[BlackElo "2236"]
[PlyCount "67"]
[EventDate "2020.??.??"]
[WhiteTeam "Ejea"]
[BlackTeam "Delicias"]

1. e4 e5 2. Nf3 Nc6 3. Bc4 Bc5 4. b4 Bxb4 5. c3 Bd6 6. O-O Qe7 7. d4 h6 8. a4
Nf6 9. Re1 g5 10. Na3 Bxa3 11. Bxa3 d6 12. Bb5 Nd7 13. a5 a6 14. Ba4 Kf8 15.
Qd3 g4 16. Bxc6 bxc6 17. Nxe5 Nxe5 18. dxe5 Qxe5 19. Rab1 h5 20. c4 Rh6 21. c5
d5 22. Bb2 Qe6 23. Qc3 Qg6 24. exd5 cxd5 25. Qe5 Be6 26. Bc1 Rh7 27. Qxc7 Qc2
28. Rb8+ Rxb8 29. Qxb8+ Kg7 30. Bb2+ f6 31. Bxf6+ Kg6 32. Be5 Re7 33. Qf8 Qd2
34. Qf6+ 1-0

[Event "Cto de Aragon por Equipos Preferente"]
[Site "?"]
[Date "2020.03.07"]
[Round "7.69"]
[White "Roche Simon, Manuel Angel"]
[Black "Planas Torrea, Alberto"]
[Result "1-0"]
[WhiteElo "2030"]
[BlackElo "1910"]
[PlyCount "33"]
[EventDate "2020.??.??"]
[WhiteTeam "Delicias"]
[BlackTeam "Ejea"]

1. e4 e5 2. Nf3 Nc6 3. Bb5 Nge7 4. O-O d6 5. d4 Bd7 6. Nc3 Ng6 7. dxe5 Ncxe5 8.
Nxe5 Nxe5 9. Bxd7+ Qxd7 10. f4 Nc6 11. Qd3 O-O-O 12. Nd5 Be7 13. b4 Rdf8 14.
Be3 f5 15. b5 Nb8 16. Bxa7 fxe4 17. Qc4 1-0

[Event "Cto de Aragon por Equipos Preferente"]
[Site "?"]
[Date "2020.03.07"]
[Round "7.70"]
[White "Marcellan Peire, Jesus Eduardo"]
[Black "Fabre Perez, Jose Maria"]
[Result "0-1"]
[WhiteElo "1883"]
[BlackElo "2026"]
[PlyCount "80"]
[EventDate "2020.??.??"]
[WhiteTeam "Ejea"]
[BlackTeam "Delicias"]

1. d4 Nf6 2. c4 g6 3. Nc3 Bg7 4. e4 d6 5. f3 O-O 6. Bd3 c5 7. d5 a6 8. Nge2 b5
9. a3 Nbd7 10. O-O Ne5 11. cxb5 Nxd3 12. Qxd3 axb5 13. Be3 Nd7 14. f4 Ba6 15.
b4 Qc7 16. Rac1 Rab8 17. Rfd1 Nb6 18. bxc5 dxc5 19. d6 exd6 20. Qxd6 Qxd6 21.
Rxd6 Nc4 22. Bxc5 Nxd6 23. Bxd6 Rbc8 24. Bxf8 Bxf8 25. Ra1 Kg7 26. Kf2 Bc5+ 27.
Kf3 Rd8 28. Nd5 f5 29. Nec3 fxe4+ 30. Kg3 Bb7 31. Rd1 Bxa3 32. Nxb5 Bc5 33.
Nbc3 h5 34. Nxe4 h4+ 35. Kh3 Bxd5 36. Nxc5 Bxg2+ 37. Kxg2 Rxd1 38. h3 Kf6 39.
Kf3 Kf5 40. Ke2 Rh1 0-1

[Event "Cto de Aragon por Equipos Preferente"]
[Site "?"]
[Date "2020.03.07"]
[Round "7.71"]
[White "Llanes Luno, Pedro Alfredo"]
[Black "Casanova Mejias, Claudio"]
[Result "1-0"]
[WhiteElo "2010"]
[BlackElo "1561"]
[PlyCount "35"]
[EventDate "2020.??.??"]
[WhiteTeam "Delicias"]
[BlackTeam "Ejea"]

1. e4 e5 2. Nf3 Nc6 3. Bc4 d6 4. d4 Bg4 5. c3 exd4 6. cxd4 Qe7 7. Nc3 Nf6 8.
O-O Bxf3 9. gxf3 g6 10. Qa4 Nd7 11. Bd5 Bg7 12. Bxc6 bxc6 13. Qxc6 O-O 14. Nd5
Qd8 15. Be3 Rc8 16. Rac1 Nb8 17. Qb7 c6 18. Ne7+ 1-0

[Event "Cto de Aragon por Equipos D. Honor"]
[Site "?"]
[Date "2020.06.27"]
[Round "8.2"]
[White "Ramiro Ovejero, Juan Luis"]
[Black "Romero Pallares, Daniel"]
[Result "0-1"]
[WhiteElo "2348"]
[BlackElo "2184"]
[PlyCount "108"]
[EventDate "2020.01.25"]
[WhiteTeam "Jaime Casas"]
[BlackTeam "Palacio De Pioneros A"]

1. e4 c5 2. c3 g6 3. d4 cxd4 4. cxd4 d5 5. e5 Nc6 6. Nc3 Bg7 7. Bb5 Nh6 8. Bf4
e6 9. Nf3 Bd7 10. O-O Nf5 11. Qd2 h6 12. h3 g5 13. g4 Nfxd4 14. Nxd4 gxf4 15.
Bxc6 bxc6 16. Nf3 c5 17. Rfe1 Rb8 18. Ne2 O-O 19. Nxf4 f5 20. g5 hxg5 21. Ng6
Re8 22. Nxg5 Rxb2 23. Qxb2 Qxg5+ 24. Kh2 Qxg6 25. Rg1 Qh6 26. Rg3 Kh7 27. Qb7
Re7 28. Qc7 Qf4 29. Qd8 Qxf2+ 30. Rg2 Bxe5+ 31. Kh1 Qxg2+ 32. Kxg2 Rg7+ 33. Kf3
Bxa1 34. Qh4+ Kg6 35. Qg3+ Kf6 36. Qh4+ Kf7 37. Qd8 Be8 38. Qc7+ Kf6 39. Qxc5
Be5 40. Qf8+ Bf7 41. h4 Rg3+ 42. Kf2 Rg8 43. Qh6+ Ke7 44. Qe3 Bb8 45. Qc5+ Kf6
46. Qd4+ e5 47. Qd2 f4 48. Qc2 e4 49. Qc6+ Be6 50. Qb7 Be5 51. Qh7 Bd4+ 52. Ke1
Rg1+ 53. Kd2 e3+ 54. Ke2 Bg4+ 0-1

[Event "Cto de Aragon por Equipos D. Honor"]
[Site "?"]
[Date "2020.06.27"]
[Round "8.3"]
[White "Dan, Teodor"]
[Black "Fontana Sotomayor, Luis Javier"]
[Result "0-1"]
[WhiteElo "2094"]
[BlackElo "2264"]
[PlyCount "66"]
[EventDate "2020.01.25"]
[WhiteTeam "Palacio De Pioneros A"]
[BlackTeam "Jaime Casas"]

1. d4 e6 2. c4 f5 3. Nf3 Nf6 4. g3 c6 5. Bg2 d5 6. Qc2 Bd6 7. O-O O-O 8. Nbd2
Ne4 9. Ne5 Nd7 10. Nd3 Qf6 11. Nb3 a5 12. a4 g5 13. c5 Bc7 14. f3 Nxg3 15. hxg3
Bxg3 16. Qd2 f4 17. Bh3 e5 18. Nf2 Qh6 19. Kg2 Bxf2 20. Rxf2 e4 21. e3 Nxc5 22.
dxc5 Qxh3+ 23. Kg1 exf3 24. Nd4 Qg3+ 25. Kh1 Bg4 26. Ra3 Rf6 27. Rh2 Bh3 28.
Qf2 Bg2+ 29. Rxg2 fxg2+ 30. Kg1 Qxf2+ 31. Kxf2 f3 32. Bd2 g4 33. Ra1 Raf8 0-1

[Event "Cto de Aragon por Equipos D. Honor"]
[Site "?"]
[Date "2020.06.27"]
[Round "8.4"]
[White "Eizaguerri Floris, Maria"]
[Black "Sanjuan Segura, Ignacio"]
[Result "1-0"]
[WhiteElo "2014"]
[BlackElo "1719"]
[PlyCount "86"]
[EventDate "2020.01.25"]
[WhiteTeam "Jaime Casas"]
[BlackTeam "Palacio De Pioneros A"]

1. e4 c5 2. Nf3 Nc6 3. c3 Nf6 4. e5 Nd5 5. Bc4 e6 6. d4 cxd4 7. cxd4 d6 8. O-O
Be7 9. Bd2 O-O 10. Nc3 Nb6 11. Bb3 Bd7 12. Qe2 Rc8 13. Qe4 dxe5 14. dxe5 Na5
15. Bc2 g6 16. Bh6 Rc4 17. Qe2 Re8 18. Rad1 Qc7 19. Bd3 Rb4 20. a3 Rb3 21. Nd4
Rxc3 22. bxc3 Qxc3 23. Nb5 Bxb5 24. Bxb5 Nc6 25. Rd3 Qxe5 26. Qxe5 Nxe5 27. Rc3
Rb8 28. Bf4 Nd5 29. Bxe5 Nxc3 30. Bxc3 Bxa3 31. Bf6 a6 32. Be2 Kf8 33. Rb1 b5
34. Ra1 b4 35. Bxa6 Rb6 36. Rd1 Rb8 37. Rd8+ Rxd8 38. Bxd8 Ke8 39. Bf6 Kd7 40.
Kf1 Kd6 41. Ke2 Kc5 42. Kd3 h6 43. Be7+ Kc6 {Ilegible} 1-0

[Event "Cto de Aragon por Equipos D. Honor"]
[Site "?"]
[Date "2020.06.27"]
[Round "8.5"]
[White "Sacristan Latorre, Alberto"]
[Black "Accattato Martin, Mario"]
[Result "0-1"]
[WhiteElo "2109"]
[BlackElo "2223"]
[PlyCount "56"]
[EventDate "2020.01.25"]
[WhiteTeam "Palacio De Pioneros B"]
[BlackTeam "Monzon"]

1. e4 c6 2. c4 e5 3. Nf3 Nf6 4. Nc3 d6 5. d4 Bg4 6. dxe5 Bxf3 7. Qxf3 dxe5 8.
Bg5 Nbd7 9. g3 Be7 10. O-O-O Qb6 11. Bh3 Nc5 12. Qe2 O-O 13. f4 h6 14. Bh4 Qc7
15. Qe3 Ne6 16. Bxe6 fxe6 17. Rd2 exf4 18. Qxf4 Qa5 19. e5 Nd5 20. Qg4 Bxh4 21.
Nxd5 Bg5 22. Qxe6+ Kh8 23. Nf4 Rxf4 24. gxf4 Bxf4 25. Rhd1 Rd8 26. Kb1 Bxd2 27.
Qf7 Bg5 28. Rg1 Qxe5 0-1

[Event "Cto de Aragon por Equipos D. Honor"]
[Site "?"]
[Date "2020.06.27"]
[Round "8.6"]
[White "Barranco Mananet, Fernando"]
[Black "Zambrana Petisme, Ramiro"]
[Result "0-1"]
[WhiteElo "2034"]
[BlackElo "2107"]
[PlyCount "128"]
[EventDate "2020.01.25"]
[WhiteTeam "Monzon"]
[BlackTeam "Palacio De Pioneros B"]

1. e4 c5 2. Nc3 Nc6 3. Bb5 Nd4 4. Nf3 a6 5. Bc4 g6 6. Nxd4 cxd4 7. Ne2 Bg7 8.
d3 b5 9. Bb3 Bb7 10. O-O d5 11. f3 e6 12. Bf4 Ne7 13. Qd2 dxe4 14. fxe4 Nc6 15.
Bg5 Qc7 16. h4 Qe5 17. Qf4 Qxf4 18. Rxf4 h6 19. Bf6 Bxf6 20. Rxf6 Ke7 21. Raf1
Rh7 22. Kh2 Rd8 23. Ng1 a5 24. a4 Ba6 25. R6f2 Rb8 26. Nf3 Rb6 27. g4 g5 28.
hxg5 hxg5+ 29. Kg3 f6 30. e5 Nxe5 31. axb5 Bxb5 32. Nxe5 fxe5 33. Re1 a4 34.
Ba2 Bd7 35. Rxe5 Rxb2 36. Bc4 Rf7 37. Rfe2 Rg7 38. Bxe6 a3 39. Bb3+ Kd6 40. Ra5
Rb1 41. Rd5+ Kc7 42. Rxd4 Bc6 43. Re5 Kb6 44. Rb4+ Kc7 45. Ra5 Rg1+ 46. Kf2
Rg2+ 47. Ke3 Re7+ 48. Kd4 Rxg4+ 49. Kc3 Rxb4 50. Kxb4 Rg7 51. Kxa3 g4 52. Ba4
Kb6 53. Rh5 Ra7 54. Rg5 Rxa4+ 55. Kb3 Rf4 56. c4 Bd7 57. Rg6+ Kc7 58. c5 Rf1
59. d4 Rg1 60. d5 g3 61. c6 g2 62. Ka2 Bh3 63. Rg7+ Kd6 64. c7 Rc1 0-1

[Event "Cto de Aragon por Equipos D. Honor"]
[Site "?"]
[Date "2020.06.27"]
[Round "8.7"]
[White "Colom Sienes, Eduardo"]
[Black "Garreta Crespo, Blas"]
[Result "1-0"]
[WhiteElo "2074"]
[BlackElo "1758"]
[PlyCount "65"]
[EventDate "2020.01.25"]
[WhiteTeam "Palacio De Pioneros B"]
[BlackTeam "Monzon"]

1. e4 c6 2. d4 d5 3. Nc3 dxe4 4. Nxe4 Bf5 5. Ng3 Bg6 6. h4 h6 7. Nh3 e6 8. Nf4
Bh7 9. Bc4 Nf6 10. O-O Bd6 11. c3 Qc7 12. Ngh5 Rg8 13. Re1 Nbd7 14. Bxe6 Ne4
15. Bxf7+ Kxf7 16. Qb3+ Ke7 17. f3 Rae8 18. fxe4 g5 19. Ne6 Qa5 20. e5 Bc7 21.
hxg5 Bf5 22. Nxc7 Qxc7 23. Nf6 Nxf6 24. gxf6+ Kd8 25. f7 Be6 26. fxe8=Q+ Rxe8
27. c4 Qf7 28. d5 cxd5 29. cxd5 Bg4 30. e6 Qc7 31. Be3 Rg8 32. Bxa7 Bh3 33.
Qxh3 1-0

[Event "Cto de Aragon por Equipos D. Honor"]
[Site "?"]
[Date "2020.06.27"]
[Round "8.8"]
[White "Rodriguez Aranda, Kevin"]
[Black "Gomez Salinas, Nestor"]
[Result "0-1"]
[WhiteElo "1738"]
[BlackElo "2029"]
[PlyCount "124"]
[EventDate "2020.01.25"]
[WhiteTeam "Monzon"]
[BlackTeam "Palacio De Pioneros B"]

1. e4 c5 2. Nf3 a6 3. c3 d5 4. exd5 Qxd5 5. d4 cxd4 6. Qxd4 Qxd4 7. Nxd4 e5 8.
Nf3 Nc6 9. Be3 Nf6 10. Bc4 Bd6 11. Nbd2 b5 12. Bb3 Bf5 13. Bg5 Na5 14. Bxf6
Nxb3 15. axb3 gxf6 16. O-O Bc5 17. b4 Bb6 18. Ra3 Ke7 19. Rfa1 Rhd8 20. Rxa6
Rxa6 21. Rxa6 e4 22. Nh4 Bc8 23. Rxb6 Rxd2 24. h3 Bd7 25. g4 Rxb2 26. Rb7 Kd8
27. Nf5 Rc2 28. Nd6 Rxc3 29. Nxe4 Rc1+ 30. Kh2 Bc6 31. Rxf7 Bxe4 32. Rxf6 Rc4
33. f4 Ke7 34. Ra6 Rxb4 35. f5 Kf8 36. Kg3 h5 37. Rf6+ Kg7 38. g5 Bc2 39. Rg6+
Kf7 40. h4 Rg4+ 41. Kh3 Rf4 42. Kg3 Rxf5 43. Rh6 Bd1 44. Rb6 Rf3+ 45. Kg2 Rf5
46. Kg3 Bf3 47. Ra6 Bg4 48. Rb6 Kg7 49. Rb7+ Kf8 50. Rb6 Be2 51. Rb7 Rf3+ 52.
Kg2 Rf4 53. Kg3 Re4 54. Kf2 b4 55. Ra7 Bd1 56. Kg3 b3 57. Rb7 Rg4+ 58. Kh3 Rf4
59. Kg3 Rf3+ 60. Kg2 Re3 61. Rd7 Bc2 62. Rb7 Be4+ 0-1

[Event "Cto de Aragon por Equipos D. Honor"]
[Site "?"]
[Date "2020.06.27"]
[Round "8.9"]
[White "Antonano Fedz-Quincoces, Avelino"]
[Black "Cid Royo, Jonathan"]
[Result "1-0"]
[WhiteElo "2041"]
[BlackElo "2219"]
[PlyCount "75"]
[EventDate "2020.01.25"]
[WhiteTeam "St. Casablanca B"]
[BlackTeam "L'Aurora"]

1. e4 c5 2. Nf3 d6 3. d4 cxd4 4. Nxd4 Nf6 5. Nc3 a6 6. g3 e5 7. Nb3 Be7 8. Bg2
O-O 9. O-O h6 10. Re1 Nbd7 11. a4 b6 12. Nd2 Bb7 13. Nf1 Nc5 14. Ne3 Ncxe4 15.
Ncd5 Nxd5 16. Nxd5 Nc5 17. Qg4 f5 18. Qg6 e4 19. Bxh6 Rf7 20. Ne3 Qf8 21. b4
Rf6 22. Qxg7+ Qxg7 23. Bxg7 Kxg7 24. bxc5 bxc5 25. c4 Rf7 26. Bh3 Kg6 27. Rab1
Bf8 28. a5 Rb8 29. Bxf5+ Rxf5 30. Nxf5 Kxf5 31. Rb6 Be7 32. f3 Bc8 33. Rxe4 Bf6
34. Rxd6 Bd4+ 35. Kg2 Bb7 36. Re7 Ba8 37. Rxa6 Rb1 38. Rb6 1-0

[Event "Cto de Aragon por Equipos D. Honor"]
[Site "?"]
[Date "2020.06.27"]
[Round "8.10"]
[White "Cid Royo, Oscar"]
[Black "Ayensa Garcia, Miguel Angel"]
[Result "1-0"]
[WhiteElo "2021"]
[BlackElo "1970"]
[PlyCount "107"]
[EventDate "2020.01.25"]
[WhiteTeam "L'Aurora"]
[BlackTeam "St. Casablanca B"]

1. d4 Nf6 2. Nf3 e6 3. g3 c5 4. Bg2 cxd4 5. O-O d5 6. Nxd4 e5 7. Nb3 h6 8. N1d2
Nc6 9. c4 Be6 10. cxd5 Nxd5 11. Ne4 b6 12. Nc3 Nce7 13. Qd3 Qd7 14. f4 Rd8 15.
f5 Nxc3 16. Qxc3 Bxb3 17. axb3 Qd4+ 18. Be3 Qxc3 19. bxc3 Nc8 20. Bb7 Bc5 21.
Bxc5 bxc5 22. Bxc8 Rxc8 23. Rxa7 O-O 24. Rd1 Rb8 25. Rd5 Rfc8 26. Rdd7 Rf8 27.
Rac7 Rbc8 28. Kf2 Rxc7 29. Rxc7 Rb8 30. Rxc5 Rxb3 31. Rc8+ Kh7 32. Ke3 f6 33.
h4 Ra3 34. Ke4 Ra4+ 35. c4 Ra3 36. e3 Rc3 37. c5 Rc1 38. c6 Rc2 39. c7 Rc5 40.
g4 Rc3 41. g5 hxg5 42. hxg5 fxg5 43. Kxe5 Rc1 44. e4 Rc2 45. Kd6 Rd2+ 46. Ke7
Rc2 47. e5 g4 48. f6 gxf6 49. exf6 Re2+ 50. Kd6 Rd2+ 51. Ke6 g3 52. Rh8+ Kxh8
53. c8=Q+ Kh7 54. Qc7+ 1-0

[Event "Cto de Aragon por Equipos D. Honor"]
[Site "?"]
[Date "2020.06.27"]
[Round "8.11"]
[White "Sanjulian Arruga, Pablo"]
[Black "Pellicer Cerezuela, Miguel"]
[Result "0-1"]
[WhiteElo "1961"]
[BlackElo "2009"]
[PlyCount "116"]
[EventDate "2020.01.25"]
[WhiteTeam "St. Casablanca B"]
[BlackTeam "L'Aurora"]

1. c4 e5 2. Nc3 Nc6 3. Nf3 f5 4. d3 Nf6 5. g3 Bc5 6. Bg2 O-O 7. O-O d6 8. e3
Qe8 9. d4 Bb6 10. Nd5 e4 11. Nxf6+ Rxf6 12. Ne1 f4 13. exf4 Nxd4 14. Be3 c5 15.
Nc2 Nf3+ 16. Bxf3 exf3 17. Qxf3 Bd7 18. Rad1 Bc6 19. Rd5 Qe6 20. Rfd1 Qh3 21.
Qh5 Qxh5 22. Rxh5 Bf3 23. Rhd5 Bxd1 24. Rxd1 Ba5 25. Bc1 Rb8 26. a4 a6 27. Rd3
Re6 28. Ne3 g6 29. Kg2 b5 30. Rb3 Bb4 31. axb5 axb5 32. cxb5 Rxb5 33. Bd2 Re8
34. Bxb4 Rxb4 35. Rxb4 cxb4 36. Nd5 Rb8 37. Kf3 Kf7 38. Ke4 b3 39. Kd4 Rc8 40.
Nc3 Ke6 41. g4 Rc5 42. f3 h5 43. h3 h4 44. Kd3 d5 45. Ne2 Kd6 46. f5 gxf5 47.
g5 Rc2 48. Nd4 Rxb2 49. Kc3 Rg2 50. Kxb3 Rxg5 51. Kc3 f4 52. Kd3 Rg3 53. Nf5+
Ke5 54. Nxh4 Rxh3 55. Ng6+ Kf6 56. Nf8 Rxf3+ 57. Kd4 Ra3 58. Nh7+ Kf5 0-1

[Event "Cto de Aragon por Equipos D. Honor"]
[Site "?"]
[Date "2020.06.27"]
[Round "8.12"]
[White "Felez Casedas, Carlos"]
[Black "Gasca Uson, Miguel"]
[Result "1-0"]
[WhiteElo "1971"]
[BlackElo "1421"]
[PlyCount "89"]
[EventDate "2020.01.25"]
[WhiteTeam "L'Aurora"]
[BlackTeam "St. Casablanca B"]

1. e4 c5 2. c4 Nc6 3. Nc3 Nf6 4. g3 g6 5. Bg2 Bg7 6. Nge2 O-O 7. O-O d6 8. d3
Ne8 9. a3 Nc7 10. Rb1 Ne6 11. b4 Ned4 12. Bb2 Rb8 13. Nxd4 Nxd4 14. Ne2 f5 15.
f4 Qb6 16. Nxd4 cxb4 17. Kh1 Bxd4 18. axb4 Bxb2 19. Rxb2 a5 20. Qb3 Qxb4 21.
Qxb4 axb4 22. Rxb4 Bd7 23. Rfb1 Bc6 24. exf5 Bxg2+ 25. Kxg2 Rxf5 26. Rxb7 Rxb7
27. Rxb7 Kf7 28. Rb2 Rc5 29. Kf3 h5 30. Ke4 Kf6 31. Ra2 Ke6 32. h3 Kf6 33. g4
Ke6 34. Rb2 Ra5 35. Rb5 Ra1 36. gxh5 Re1+ 37. Kd4 gxh5 38. Rxh5 Rf1 39. f5+ Kf6
40. Kd5 Rd1 41. d4 Rf1 42. h4 Rf4 43. c5 dxc5 44. dxc5 Rf1 45. Kc6 1-0